| 000 | 00602nam a22001937a 4500 | ||
|---|---|---|---|
| 999 |
_c16195 _d16195 |
||
| 003 | AR-CdUCM | ||
| 008 | 190427b ||||| |||| 00| 0 spa d | ||
| 040 |
_aMUNICIPALIDAD PROVINCIAL DEL CUSCO _cBIBLIOTECA MUNICIPAL DEL CUSCO |
||
| 082 |
_aEP / 373.38 / _bC34 |
||
| 100 |
_aCastillo Córdova, José Luis. _927697 |
||
| 245 |
_aKirigami : _bLa magia del papel |
||
| 260 |
_aLima : _bUnicef, _c1996. |
||
| 300 |
_a34 páginas ; _c20 cm. _bIlustraciones, |
||
| 500 | _aTexto de Kirigami. | ||
| 650 |
_aCuriosidades _924748 |
||
| 650 |
_aPapel _928481 |
||
| 942 |
_2ddc _cLIBROS |
||
| 945 |
_arum1 _d2019-05-02 |
||